Prachin Bharateey pratima vigyan evam murti kala / (Record no. 9340)

MARC details
000 -LEADER
fixed length control field 00427nam a2200157Ia 4500
005 - DATE AND TIME OF LATEST TRANSACTION
control field 20240912124130.0
008 - FIXED-LENGTH DATA ELEMENTS--GENERAL INFORMATION
fixed length control field 240806s9999||||xx |||||||||||||| ||eng||
041 ## - LANGUAGE CODE
Language code of text/sound track or separate title hin
082 ## - DEWEY DECIMAL CLASSIFICATION NUMBER
Classification number 732.44
Item number SRIP
100 ## - MAIN ENTRY--AUTHOR NAME
Personal name Srivastva, Brijbhushan
245 #0 - TITLE STATEMENT
Title Prachin Bharateey pratima vigyan evam murti kala /
Statement of responsibility, etc Brijbhushan Srivastva
260 ## - PUBLICATION, DISTRIBUTION, ETC. (IMPRINT)
Place of publication Varanasi:
Name of publisher V. V. Prakashan,
300 ## - PHYSICAL DESCRIPTION
Number of Pages 415p.
650 ## - SUBJECT ADDED ENTRY--TOPICAL TERM
Topical Term Anc. History
942 ## - ADDED ENTRY ELEMENTS (KOHA)
Koha item type Books
Holdings
Withdrawn status Lost status Damaged status Not for loan Permanent Location Current Location Shelving location Date acquired Cost, normal purchase price Full call number Accession Number Koha item type
        Central Library, CMP Central Library, CMP General stacks 07/08/2024 300.00 732.44 SRIP 81534 Books
        Central Library, CMP Central Library, CMP General stacks 07/08/2024 300.00   81533 Books
        Central Library, CMP Central Library, CMP General stacks 07/08/2024 200.00 732.44 SRIP 75297 Books
        Central Library, CMP Central Library, CMP General stacks 07/08/2024 200.00 732.44 SRIP 75296 Books
        Central Library, CMP Central Library, CMP General stacks 07/08/2024 200.00 732.44 SRIP 72656 Books

Implemented and Maintained by Dr. Punit Kumar Singh

For any Suggestions/Queries, contact the library or email us at: library.cmpdc@gmail.com OR library@cmpcollege.ac.in

Website/OPAC is best viewed in Mozilla Browser at a resolution of 1366x768.